Sử thi Thái Nghệ An
Nội dung sách giới thiệu sử thi của Thái ở Nghệ An như: xuống Mường, trông Mường, khủn Mường, gồm tiếng Việt và tiếng Thái.
Enregistré dans:
| Format: | Livre |
|---|---|
| Langue: | Undetermined |
| Publié: |
Hà Nội
Hội nhà văn
2017
|
| Sujets: | |
| Tags: |
Ajouter un tag
Pas de tags, Soyez le premier à ajouter un tag!
|
| Thư viện lưu trữ: | Trung tâm Học liệu Trường Đại học Cần Thơ |
|---|
| LEADER | 00758nam a2200181Ia 4500 | ||
|---|---|---|---|
| 001 | CTU_226740 | ||
| 008 | 210402s9999 xx 000 0 und d | ||
| 082 | |a 895.931032 | ||
| 082 | |b S550 | ||
| 245 | 0 | |a Sử thi Thái Nghệ An | |
| 245 | 0 | |c Quán Vi Miên (sưu tầm, biên dịch) | |
| 260 | |a Hà Nội | ||
| 260 | |b Hội nhà văn | ||
| 260 | |c 2017 | ||
| 520 | |a Nội dung sách giới thiệu sử thi của Thái ở Nghệ An như: xuống Mường, trông Mường, khủn Mường, gồm tiếng Việt và tiếng Thái. | ||
| 650 | |a Văn học sử thi người Việt,Epic literature, Vietnamese | ||
| 910 | |b dqhieu | ||
| 980 | |a Trung tâm Học liệu Trường Đại học Cần Thơ | ||